|
|
|
|
| LEADER |
03063nam a2200673 4500 |
| 001 |
ocn861528572 |
| 003 |
OCoLC |
| 005 |
20170124070306.3 |
| 006 |
m o d |
| 007 |
cr cn||||||||| |
| 008 |
130919t20142014gw a ob 001 0 eng d |
| 040 |
|
|
|a E7B
|b eng
|e rda
|e pn
|c E7B
|d DG1
|d CUI
|d N$T
|d YDXCP
|d OCLCF
|d OCLCQ
|d COO
|d IDEBK
|d EBLCP
|d MHW
|d CDX
|d DEBSZ
|d DEBBG
|d GrThAP
|
| 019 |
|
|
|a 857970041
|a 871380597
|a 961602224
|a 962575649
|
| 020 |
|
|
|a 3527666915
|q (electronic bk.)
|
| 020 |
|
|
|a 9783527666911
|q (electronic bk.)
|
| 020 |
|
|
|a 9783527666942
|q (electronic bk.)
|
| 020 |
|
|
|a 352766694X
|q (electronic bk.)
|
| 020 |
|
|
|z 9783527334148
|q (print)
|
| 020 |
|
|
|a 3527334149
|
| 020 |
|
|
|a 9783527334148
|
| 020 |
|
|
|a 1299848494
|
| 020 |
|
|
|a 9781299848498
|
| 029 |
1 |
|
|a AU@
|b 000052185312
|
| 029 |
1 |
|
|a CHBIS
|b 009986523
|
| 029 |
1 |
|
|a CHBIS
|b 010131730
|
| 029 |
1 |
|
|a CHVBK
|b 306451174
|
| 029 |
1 |
|
|a CHVBK
|b 31470275X
|
| 029 |
1 |
|
|a DEBBG
|b BV041632606
|
| 029 |
1 |
|
|a NZ1
|b 15340132
|
| 029 |
1 |
|
|a NZ1
|b 15905463
|
| 029 |
1 |
|
|a DEBSZ
|b 431494819
|
| 029 |
1 |
|
|a DEBBG
|b BV043396289
|
| 035 |
|
|
|a (OCoLC)861528572
|z (OCoLC)857970041
|z (OCoLC)871380597
|z (OCoLC)961602224
|z (OCoLC)962575649
|
| 037 |
|
|
|a 516100
|b MIL
|
| 050 |
|
4 |
|a QD305.A2
|b N38 2014eb
|
| 072 |
|
7 |
|a SCI
|x 013040
|2 bisacsh
|
| 082 |
0 |
4 |
|a 547/.5
|2 23
|
| 049 |
|
|
|a MAIN
|
| 245 |
0 |
0 |
|a Natural lactones and lactams :
|b synthesis, occurrence and biological activity /
|c edited by Tomasz Janecki.
|
| 264 |
|
1 |
|a Weinheim, Germany :
|b Wiley-VCH Verlag GmbH & Co. KGaA,
|c [2014]
|
| 264 |
|
4 |
|c ©2014
|
| 300 |
|
|
|a 1 online resource (xvi, 394 pages) :
|b illustrations
|
| 336 |
|
|
|a text
|b txt
|2 rdacontent
|
| 337 |
|
|
|a computer
|b c
|2 rdamedia
|
| 338 |
|
|
|a online resource
|b cr
|2 rdacarrier
|
| 504 |
|
|
|a Includes bibliographical references and index.
|
| 588 |
0 |
|
|a Online resource; title from PDF title page (ebrary, viewed September 19, 2013).
|
| 520 |
|
|
|a While there are numerous books on heterocycles and natural products, this text fills the need for an up-to-date summary focusing on recently developed and improved synthetic methods for the preparation of the most important classes of lactones and lactams - all in one volume. Comprehensive in its coverage, this book also provides readers with a brief description of the occurrence and biological or pharmaceutical activity of the compounds, and each chapter deals with a certain class of lactones or lactames to enable quick access to the information needed. A valuable resource for organic chemists.
|
| 650 |
|
0 |
|a Lactones.
|
| 650 |
|
0 |
|a Lactams.
|
| 650 |
|
7 |
|a SCIENCE
|x Chemistry
|x Organic.
|2 bisacsh
|
| 650 |
|
7 |
|a Lactams.
|2 fast
|0 (OCoLC)fst00990586
|
| 650 |
|
7 |
|a Lactones.
|2 fast
|0 (OCoLC)fst00990621
|
| 655 |
|
4 |
|a Electronic books.
|
| 655 |
|
0 |
|a Electronic books.
|
| 700 |
1 |
|
|a Janecki, Tomasz,
|e editor.
|
| 776 |
0 |
8 |
|i Print version:
|t Natural lactones and lactams.
|d [S.l.] : Wiley-Vch Verlag Gmbh, 2013
|z 3527334149
|w (OCoLC)840583005
|
| 856 |
4 |
0 |
|u https://doi.org/10.1002/9783527666911
|z Full Text via HEAL-Link
|
| 994 |
|
|
|a 92
|b DG1
|